000 00180nam a22000977a 4500
999 _c67133
_d67130
082 _aROD
100 _aD.Roddy
245 _aSatellite Communication
300 _a569p
942 _cBK